All powiats (counties) of Poland - Statistics

General Stats
  • This quiz has been taken 239 times
  • The average score is 135 of 380
Answers on the Map
Answers color-coded by a green-red scale on the quiz's map according to % correct below.
 
Answer Stats
Województwo Powiat % Correct
Masovian City of {Warszawa}
86%
Pomeranian City of {Gdańsk}
83%
Pomeranian Gdańsk
83%
Lublin City of {Lublin}
79%
Lublin Lublin
79%
Łódź City of {Łódź}
78%
Pomeranian City of {Gdynia}
77%
Greater Poland City of {Poznań}
77%
West Pomeranian City of {Szczecin}
77%
Lower Silesian City of {Wrocław}
77%
Greater Poland Poznań
77%
Lower Silesian Wrocław
77%
Podlaskie Białystok
76%
Podlaskie City of {Białystok}
76%
Lesser Poland City of {Kraków}
75%
Lesser Poland Kraków
75%
Silesian City of {Katowice}
72%
Opole Opole
72%
Warmian-Masurian City of {Olsztyn}
71%
Masovian City of {Radom}
71%
Warmian-Masurian Olsztyn
71%
Masovian Radom
71%
Opole City of {Opole}
68%
Kuyavian-Pomeranian Bydgoszcz
67%
Masovian Płock
67%
Kuyavian-Pomeranian City of {Bydgoszcz}
66%
Masovian City of {Płock}
66%
Holy Cross City of {Kielce}
65%
Kuyavian-Pomeranian City of {Toruń}
65%
Silesian Częstochowa
65%
Holy Cross Kielce
65%
Podlaskie Suwałki
65%
Kuyavian-Pomeranian Toruń
65%
Warmian-Masurian City of {Elbląg}
64%
Pomeranian City of {Sopot}
64%
Podlaskie City of {Suwałki}
64%
Warmian-Masurian Elbląg
64%
Silesian City of {Częstochowa}
63%
Subcarpathian City of {Przemyśl}
62%
Subcarpathian City of {Rzeszów}
62%
Subcarpathian Przemyśl
62%
Subcarpathian Rzeszów
62%
Lubusz City of {Zielona Góra}
61%
Lubusz Zielona Góra
61%
West Pomeranian City of {Koszalin}
60%
West Pomeranian Koszalin
60%
Podlaskie Bielsk
59%
Lesser Poland City of {Tarnów}
58%
Lubusz Gorzów
58%
Lesser Poland Tarnów
58%
Pomeranian City of {Słupsk}
56%
West Pomeranian City of {Świnoujście}
56%
Pomeranian Słupsk
56%
Silesian City of {Bytom}
55%
Greater Poland City of {Konin}
55%
Greater Poland Konin
55%
Greater Poland Piła
55%
Silesian Bielsko
54%
Podlaskie City of {Łomża}
54%
Silesian Gliwice
54%
Greater Poland Gniezno
54%
Greater Poland Koło
54%
Podlaskie Łomża
54%
Pomeranian Malbork
54%
Silesian City of {Gliwice}
53%
Lesser Poland City of {Nowy Sącz}
53%
Lower Silesian City of {Wałbrzych}
53%
Lesser Poland Nowy Sącz
53%
Lower Silesian Wałbrzych
53%
Lower Silesian City of {Legnica}
52%
Silesian City of {Zabrze}
52%
Lower Silesian Legnica
52%
Silesian City of {Bielsko-Biała}
51%
Greater Poland City of {Kalisz}
51%
Warmian-Masurian Ełk
51%
Greater Poland Kalisz
51%
Lubusz City of {Gorzów Wielkopolski}
49%
Silesian City of {Chorzów}
48%
Lublin City of {Zamość}
48%
West Pomeranian Kołobrzeg
48%
West Pomeranian Stargard
48%
Lublin Zamość
48%
Lower Silesian City of {Jelenia Góra}
47%
Masovian City of {Siedlce}
47%
Silesian City of {Sosnowiec}
47%
Lesser Poland Dąbrowa
47%
Lower Silesian Kłodzko
47%
Łódź Piotrków
47%
Pomeranian Puck
47%
Masovian Siedlce
47%
Lublin Chełm
46%
Lublin City of {Chełm}
46%
Greater Poland City of {Leszno}
46%
Silesian City of {Rybnik}
46%
Kuyavian-Pomeranian Inowrocław
46%
Greater Poland Leszno
46%
Silesian Rybnik
46%
Kuyavian-Pomeranian Włocławek
46%
Masovian City of {Ostrołęka}
45%
Kuyavian-Pomeranian City of {Włocławek}
45%
Lower Silesian Lubin
45%
Lesser Poland Nowy Targ
45%
Masovian Ostrołęka
45%
Masovian Pruszków
45%
Łódź Bełchatów
44%
Kuyavian-Pomeranian City of {Grudziądz}
44%
Subcarpathian City of {Krosno}
44%
Kuyavian-Pomeranian Grudziądz
44%
Subcarpathian Krosno
44%
Lesser Poland Oświęcim
44%
Silesian City of {Tychy}
43%
Masovian Mińsk
43%
Lesser Poland Tatra
43%
Silesian City of {Ruda Śląska}
42%
Masovian Legionowo
42%
Masovian Nowy Dwór
42%
Greater Poland Ostrów Wielkopolski
42%
Masovian Piaseczno
42%
Subcarpathian Tarnobrzeg
42%
Podlaskie Augustów
41%
Lublin Biała Podlaska
41%
Lesser Poland Bochnia
41%
Lublin City of {Biała Podlaska}
41%
Łódź City of {Piotrków Trybunalski}
41%
Subcarpathian City of {Tarnobrzeg}
41%
Silesian Cieszyn
40%
Silesian City of {Dąbrowa Górnicza}
40%
Silesian City of {Mysłowice}
40%
Warmian-Masurian Mrągowo
40%
Holy Cross Sandomierz
40%
West Pomeranian Szczecinek
40%
Pomeranian Wejherowo
40%
Lower Silesian Zgorzelec
40%
Holy Cross Ostrowiec
39%
Lesser Poland Wieliczka
39%
Silesian Żywiec
39%
Opole Brzeg
38%
Silesian City of {Jastrzębie-Zdrój}
38%
Subcarpathian Stalowa Wola
38%
Pomeranian Starogard
38%
Pomeranian Chojnice
37%
Lower Silesian Głogów
37%
Warmian-Masurian Gołdap
37%
Opole Kędzierzyn-Koźle
37%
Opole Nysa
37%
Łódź Pabianice
37%
West Pomeranian Police
37%
Lower Silesian Świdnica
37%
Greater Poland Turek
37%
Lubusz Żary
37%
Silesian City of {Żory}
36%
Masovian Grodzisk Mazowiecki
36%
Subcarpathian Jasło
36%
Lower Silesian Jawor
36%
Łódź Kutno
36%
Łódź Łowicz
36%
Masovian Pułtusk
36%
Łódź Skierniewice
36%
Łódź Zgierz
36%
Warmian-Masurian Bartoszyce
35%
Silesian City of {Siemianowice Śląskie}
35%
Łódź City of {Skierniewice}
35%
West Pomeranian Kamień
35%
Pomeranian Lębork
35%
Silesian Racibórz
35%
Łódź Radomsko
35%
Warmian-Masurian Giżycko
34%
Subcarpathian Jarosław
34%
Subcarpathian Mielec
34%
Łódź Sieradz
34%
Pomeranian Tczew
34%
Łódź Tomaszów Mazowiecki
34%
Lesser Poland Brzesko
33%
Masovian Ciechanów
33%
Silesian City of {Jaworzno}
33%
Greater Poland Gostyń
33%
Silesian Tarnowskie Góry
33%
Lesser Poland Gorlice
32%
Warmian-Masurian Iława
32%
Lower Silesian Karkonosze
32%
Holy Cross Końskie
32%
Lesser Poland Myślenice
32%
Warmian-Masurian Nowe Miasto
32%
Lower Silesian Oleśnica
32%
Warmian-Masurian Ostróda
32%
Masovian Otwock
32%
Masovian Płońsk
32%
Silesian Pszczyna
32%
Subcarpathian Sanok
32%
Lesser Poland Wadowice
32%
Łódź Wieluń
32%
Masovian Żyrardów
32%
Silesian Będzin
31%
Subcarpathian Bieszczady
31%
Silesian City of {Piekary Śląskie}
31%
Subcarpathian Dębica
31%
Pomeranian Kartuzy
31%
Lesser Poland Limanowa
31%
West Pomeranian Wałcz
31%
Silesian Wodzisław
31%
Kuyavian-Pomeranian Chełmno
29%
Warmian-Masurian Kętrzyn
29%
Łódź Łask
29%
Lower Silesian Lubań
29%
Masovian Mława
29%
Łódź Opoczno
29%
Łódź Rawa
29%
Holy Cross Skarżysko
29%
Holy Cross Starachowice
29%
Lubusz Żagań
29%
Warmian-Masurian Lidzbark
28%
Silesian Lubliniec
28%
Pomeranian Nowy Dwór Gdański
28%
Opole Strzelce
28%
Lublin Świdnik
28%
Łódź Zduńska Wola
28%
Kuyavian-Pomeranian Aleksandrów
27%
West Pomeranian Białogard
27%
Warmian-Masurian Braniewo
27%
Greater Poland Grodzisk Wielkopolski
27%
Masovian Grójec
27%
Holy Cross Jędrzejów
27%
Opole Kluczbork
27%
Łódź Łódź East
27%
Warmian-Masurian Nidzica
27%
Masovian Przasnysz
27%
Podlaskie Sejny
27%
Greater Poland Śrem
27%
Lower Silesian Środa Śląska
27%
Silesian Zawiercie
27%
Greater Poland Złotów
27%
Lublin Biłgoraj
26%
Lower Silesian Bolesławiec
26%
Pomeranian Bytów
26%
Masovian Garwolin
26%
Podlaskie Hajnówka
26%
Lubusz Krosno Odrzańskie
26%
Łódź Łęczyca
26%
Opole Namysłów
26%
Lesser Poland Olkusz
26%
Holy Cross Opatów
26%
Masovian Ostrów Mazowiecka
26%
Łódź Poddębice
26%
Greater Poland Środa Wielkopolska
26%
Lubusz Świebodzin
26%
Masovian Warsaw West
26%
Masovian Wołomin
26%
Lower Silesian Ząbkowice Śląskie
26%
Holy Cross Busko
25%
Silesian City of {Świętochłowice}
25%
Warmian-Masurian Działdowo
25%
Masovian Gostynin
25%
Greater Poland Jarocin
25%
Lublin Łęczna
25%
Subcarpathian Leżajsk
25%
Lower Silesian Lwówek Śląski
25%
Lesser Poland Miechów
25%
Silesian Mikołów
25%
Warmian-Masurian Pisz
25%
Lower Silesian Polkowice
25%
Lesser Poland Sucha
25%
Lesser Poland Chrzanów
24%
Podlaskie Grajewo
24%
Silesian Kłobuck
24%
West Pomeranian Myślibórz
24%
Subcarpathian Nisko
24%
Lubusz Nowa Sól
24%
Greater Poland Nowy Tomyśl
24%
Lublin Puławy
24%
Greater Poland Rawicz
24%
West Pomeranian Sławno
24%
Masovian Sochaczew
24%
Warmian-Masurian Szczytno
24%
West Pomeranian Gryfice
23%
Lublin Hrubieszów
23%
Lublin Krasnystaw
23%
Subcarpathian Lesko
23%
Lubusz Międzyrzecz
23%
Silesian Myszków
23%
Lower Silesian Oława
23%
Warmian-Masurian Olecko
23%
Opole Olesno
23%
Łódź Pajęczno
23%
Masovian Sokołów
23%
Pomeranian Sztum
23%
Holy Cross Włoszczowa
23%
Masovian Wyszków
23%
Kuyavian-Pomeranian Żnin
23%
Podlaskie Kolno
22%
Greater Poland Krotoszyn
22%
Subcarpathian Łańcut
22%
Masovian Łosice
22%
Greater Poland Oborniki
22%
Greater Poland Pleszew
22%
Subcarpathian Przeworsk
22%
Kuyavian-Pomeranian Rypin
22%
Podlaskie Siemiatycze
22%
Masovian Sierpc
22%
Greater Poland Wolsztyn
22%
Lower Silesian Złotoryja
22%
Masovian Maków
21%
Holy Cross Pińczów
21%
Lublin Ryki
21%
Kuyavian-Pomeranian Świecie
21%
Greater Poland Szamotuły
21%
Kuyavian-Pomeranian Tuchola
21%
Pomeranian Człuchów
20%
West Pomeranian Drawsko
20%
Lower Silesian Góra
20%
Holy Cross Kazimierza
20%
Lublin Kraśnik
20%
Pomeranian Kwidzyn
20%
Lublin Łuków
20%
Kuyavian-Pomeranian Nakło
20%
Lublin Opole Lubelskie
20%
Opole Prudnik
20%
Łódź Wieruszów
20%
Masovian Białobrzegi
19%
Silesian Bieruń-Lędziny
19%
Opole Głubczyce
19%
West Pomeranian Gryfino
19%
Lublin Janów Lubelski
19%
Pomeranian Kościerzyna
19%
Opole Krapkowice
19%
Lubusz Słubice
19%
Podlaskie Sokółka
19%
Lublin Tomaszów Lubelski
19%
Warmian-Masurian Węgorzewo
19%
Podlaskie Wysokie Mazowieckie
19%
Łódź Brzeziny
18%
West Pomeranian Goleniów
18%
Subcarpathian Kolbuszowa
18%
Greater Poland Kościan
18%
Greater Poland Międzychód
18%
Lower Silesian Milicz
18%
Lesser Poland Proszowice
18%
Subcarpathian Strzyżów
18%
Greater Poland Wągrowiec
18%
Greater Poland Września
18%
Lubusz Wschowa
18%
Greater Poland Kępno
17%
Masovian Kozienice
17%
Masovian Przysucha
17%
Lower Silesian Strzelin
17%
Lower Silesian Trzebnica
17%
Podlaskie Zambrów
17%
Kuyavian-Pomeranian Brodnica
16%
Greater Poland Chodzież
16%
Greater Poland Czarnków-Trzcianka
16%
Lower Silesian Kamienna Góra
16%
Masovian Lipsko
16%
Lublin Lubartów
16%
Kuyavian-Pomeranian Mogilno
16%
Podlaskie Mońki
16%
Lubusz Sulęcin
16%
West Pomeranian Świdwin
16%
Lublin Włodawa
16%
Masovian Zwoleń
16%
Kuyavian-Pomeranian Golub-Dobrzyń
15%
Subcarpathian Lubaczów
15%
Greater Poland Ostrzeszów
15%
Kuyavian-Pomeranian Sępólno
15%
Greater Poland Słupca
15%
Holy Cross Staszów
15%
Masovian Szydłowiec
15%
Masovian Węgrów
15%
Masovian Żuromin
15%
Subcarpathian Brzozów
14%
Lower Silesian Dzierżoniów
13%
Kuyavian-Pomeranian Lipno
13%
West Pomeranian Pyrzyce
13%
Kuyavian-Pomeranian Radziejów
13%
Lubusz Strzelce-Drezdenko
13%
West Pomeranian Łobez
12%
Lublin Radzyń Podlaski
12%
Subcarpathian Ropczyce-Sędziszów
12%
Lower Silesian Wołów
12%
Lublin Parczew
11%
Kuyavian-Pomeranian Wąbrzeźno
11%
West Pomeranian Choszczno
9%
No matching quizzes found
Score Distribution
Percent of People with Each Score
Percentile by Number Answered
Your Score History
You have not taken this quiz